000 00529nam a2200229Ia 4500
003 AR-RoIUNI
005 20190408145059.0
008 150616s9999 xx 000 0 und d
020 _a9781846920042
040 _cIUNIR
040 _dOCLC
_cIUNIR
080 _a616.1 GRA
100 1 _aGraham, Ian M.
245 1 _aManaging Cardiovascular Risk
250 _a1a. ed
260 _aOxford
260 _bClinical Publishing
260 _c2007
300 _a111 p.
_c24 cm.
650 1 0 _9300
_aCardiología
942 _cBK
_2cdu
999 _c259
_d259